| 000 | 03288nam a22003617a 4500 | ||
|---|---|---|---|
| 001 | 100684 | ||
| 003 | KnowledgeUnlatched | ||
| 005 | 20210303104736.0 | ||
| 006 | m o d | ||
| 007 | cr u|||||||||| | ||
| 008 | 210129p20062017ncu o u00| u eng d | ||
| 035 | _a(OCoLC)1028775625 | ||
| 037 | _5BiblioBoard | ||
| 245 | 0 | 0 |
_aCinema at the End of Empire _bA Politics of Transition in Britain and India / _cPriya Jaikumar. |
| 020 | _a9781478091387 | ||
| 029 | 1 | _ahttps://library.biblioboard.com/ext/api/media/6d8e65d4-1c1d-4875-8420-5765da04a0f5/assets/thumbnail.jpg | |
| 040 |
_aScCtBLL _cScCtBLL |
||
| 100 | 1 |
_aJaikumar, Priya _eauthor. |
|
| 264 | 1 | _bDuke University Press, | |
| 300 | _a1 online resource (333 p.) | ||
| 506 | 0 |
_aAccess copy available to the general public. _fUnrestricted _2star |
|
| 520 | _aHow did the imperial logic underlying British and Indian film policy change with the British Empire's loss of moral authority and political cohesion? Were British and Indian films of the 1930s and 1940s responsive to and responsible for such shifts? Cinema at the End of Empire illuminates this intertwined history of British and Indian cinema in the late colonial period. Challenging the rubric of national cinemas that dominates film studies, Priya Jaikumar contends that film aesthetics and film regulations were linked expressions of radical political transformations in a declining British empire and a nascent Indian nation. As she demonstrates, efforts to entice colonial film markets shaped Britain's national film policies, and Indian responses to these initiatives altered the limits of colonial power in India. Imperially themed British films and Indian films envisioning a new civil society emerged during political negotiations that redefined the role of the state in relation to both film industries. In addition to close readings of British and Indian films of the late colonial era, Jaikumar draws on a wealth of historical and archival material, including parliamentary proceedings, state-sponsored investigations into colonial filmmaking, trade journals, and intra- and intergovernmental memos regarding cinema. Her wide-ranging interpretations of British film policies, British initiatives in colonial film markets, and genres such as the Indian mythological film and the British empire melodrama reveal how popular film styles and controversial film regulations in these politically linked territories reconfigured imperial relations. With its innovative examination of the colonial film archive, this richly illustrated book presents a new way to track historical change through cinema. | ||
| 588 | 0 | _aDescription based on print version record. | |
| 590 | _aKU Select 2016 Backlist Collection | ||
| 650 | 7 |
_aPerforming Arts / Film / History & Criticism _2bisacsh |
|
| 650 | 0 | _aPerforming arts | |
| 655 | 0 | _aElectronic books. | |
| 758 |
_iIs found in: _aKnowledge Unlatched _1https://openresearchlibrary.org/module/2774bc74-146a-484f-a7ba-ab1d6a09bbfb |
||
| 856 | 4 | 0 |
_uhttps://openresearchlibrary.org/content/6d8e65d4-1c1d-4875-8420-5765da04a0f5 _zView this content on Open Research Library. _70 |
| 999 |
_c32471 _d32471 |
||